ស្ថានភាពផលិតកម្ម និងទីផ្សារកៅស៊ូកម្ពុជា (Record no. 193)
[ view plain ]
| 000 -LEADER | |
|---|---|
| fixed length control field | 00497nam a22001577a 4500 |
| 003 - CONTROL NUMBER IDENTIFIER | |
| control field | OSt |
| 005 - DATE AND TIME OF LATEST TRANSACTION | |
| control field | 20150910103253.0 |
| 008 - FIXED-LENGTH DATA ELEMENTS--GENERAL INFORMATION | |
| fixed length control field | 150910b xxu||||| |||| 00| 0 eng d |
| 040 ## - CATALOGING SOURCE | |
| Transcribing agency | RUA |
| 082 ## - DEWEY DECIMAL CLASSIFICATION NUMBER | |
| Classification number | AGR ផេង 1994 B009 Or.1 |
| 100 ## - MAIN ENTRY--PERSONAL NAME | |
| 9 (RLIN) | 212 |
| Personal name | ផេង វ៉ាន់នី |
| 245 ## - TITLE STATEMENT | |
| Title | ស្ថានភាពផលិតកម្ម និងទីផ្សារកៅស៊ូកម្ពុជា |
| 260 ## - PUBLICATION, DISTRIBUTION, ETC. (IMPRINT) | |
| Place of publication, distribution, etc. | Phnom Penh |
| Name of publisher, distributor, etc. | RUA |
| Date of publication, distribution, etc. | 1994 |
| 300 ## - PHYSICAL DESCRIPTION | |
| Extent | 78p. |
| Other physical details | ill. |
| Dimensions | 29cm. |
| 942 ## - ADDED ENTRY ELEMENTS (KOHA) | |
| Source of classification or shelving scheme | |
| Koha item type | AGR |
| Price effective from | Date last seen | Permanent Location | Not for loan | Date acquired | Source of classification or shelving scheme | Koha item type | Lost status | Withdrawn status | Date last checked out | Total Checkouts | Shelving location | Damaged status | Barcode | Current Location | Full call number |
|---|---|---|---|---|---|---|---|---|---|---|---|---|---|---|---|
| 2015-09-10 | 2025-04-23 | Library Block B | 2015-09-10 | AGR | 2025-03-04 | 1 | B009 | RUA005115 | Library Block B | AGR ផេង 1994 B009 Or.1 | |||||
| 2015-09-10 | 2015-09-10 | Library Block B | 2015-09-10 | AGR | B009 | RUA005091 | Library Block B | AGR ផេង 1994 B009 Or.2 | |||||||
| 2015-09-10 | 2015-09-10 | Library Block B | 2015-09-10 | AGR | B009 | RUA005307 | Library Block B | AGR ផេង 1994 B009 Or.3 | |||||||
| 2015-09-10 | 2016-05-04 | Library Block B | 2015-09-10 | AGR | 2016-04-20 | 1 | B009 | RUA005019 | Library Block B | AGR ផេង 1994 B009 Or.4 | |||||
| 2015-09-10 | 2015-09-10 | Library Block B | 2015-09-10 | AGR | B009 | RUA005092 | Library Block B | AGR ផេង 1994 B009 Or.5 | |||||||
| 2015-09-10 | 2015-09-10 | Library Block B | 2015-09-10 | AGR | B009 | RUA004097 | Library Block B | AGR ផេង 1994 B009 Or.6 | |||||||
| 2015-09-10 | 2015-09-10 | Library Block B | 2015-09-10 | AGR | B009 | RUA005308 | Library Block B | AGR ផេង 1994 B009 Or.7 | |||||||
| 2015-09-10 | 2015-09-10 | Library Block B | 2015-09-10 | AGR | B009 | RUA004098 | Library Block B | AGR ផេង 1994 B009 Or.8 |